000 00902nam a2200241 i 4500
001 125216
003 ES-MaACL
005 20240524110557.0
007 t|
008 070507s1932 sp ||||1| spa d
100 1 _aCarreño, Anselmo C.
_935612
245 1 3 _aLa marchosa
_b: comedia de ambiente popular, en tres actos /
_cCarreño y Sepúlveda ; dibujos de Gutiérrez Navas.
260 _aMadrid :
_bRivadeneyra,
_c1932.
300 _a61 p. ;
_c17 cm.
490 1 _aLa Farsa ;
_v231
500 _aEstrenada en el Teatro Lara, de Madrid, el día 15 de enero de 1932.
500 _aCubierta de este número: Ana María Custodio y Manuel Dicenta, en una escena de La Marchosa.
700 1 _aSepúlveda, Rafael.
_9105505
700 1 _aGutiérrez Navas, Manuel,
_d1890-1971
_961196
830 0 _aLa Farsa ;
_v231
_9185863
852 _aES-MaACL
_j2222-F-16
_bR.140733
999 _c125216
_d125216